000 00564nam a2200241 a 4500
001 0001-1425
003 ELIB.Books
008 160901 2010 eng
020 _aKBTS
035 _a(ELIB.Books)0001-1580
092 _a266.001
_bTip
100 _aTippet, Alan.
245 _aMissiology
260 _aPassadena
_bWilliam Carey Library
_c1987
300 _a457
_c21 Cm
500 _aMission
650 _aMission
856 _nKBTS Library
_uKBTS: ELIB
942 _2ddc
_cBK
990 _a1
998 _cbat
_e2016-09-01
999 _c11425
_d11425